[Event "RUS-ch Men Blitz 2019"]
[Site "Sochi"]
[Date "2019.10.17"]
[Round "13.7"]
[White "Khismatullin, Denis"]
[Black "Pridorozhni, Aleksei"]
[Result "1/2-1/2"]
[WhiteElo "2611"]
[BlackElo "2599"]
[Annotator "TA"]
[PlyCount "155"]
[EventDate "2019.10.17"]
[EventType "swiss"]
[EventCountry "RUS"]
[SourceTitle "playchess.com"]
[Source "ChessBase"]
[SourceQuality "1"]

{[%evp 13,155,27,41,19,35,14,97,126,142,129,134,142,126,97,121,111,119,94,87,97,103,53,70,62,145,129,180,172,220,216,197,221,229,204,298,249,289,191,186,185,170,52,315,111,341,340,326,170,192,168,175,170,143,142,170,174,184,101,129,143,145,101,101,106,87,-117,-125,-113,-120,-98,-114,-333,-35,-89,0,-20,71,-37,-37,-609,0,0,0,0,0,0,0,-194,209,-29973,339,33,33,0,863,0,0,0,749,676,601,641,653,516,623,0,1083,1020,628,626,916,616,592,516,4133,322,307,0,4137,582,472,0,4137,397,572,515,4137,3889,346,0,0,0,8,0,0,0,0,0,0,0,0,0,0,0]} 1. Nf3 g6 2. d4 Bg7 3. e4 d6 4. Nc3 a6 5. a4 Nf6 6. Be2 O-O 7. O-O Nc6 8. d5 {B08: Pirc Defence: Classical System} Nb4 9. a5 b6 $146 (9... e6 $1 $11 {keeps the balance.}) ({Predecessor:} 9... e6 10. Be3 exd5 11. exd5 Bf5 12. Nd4 Bd7 13. Bf3 Re8 14. Qd2 Qe7 15. Bg5 c5 16. dxc6 bxc6 {1-0 (58) Korobov,A (2652)-Vitiugov,N (2721) Czech Republic 2017}) 10. Nb1 {White is better.} Nxe4 11. c3 bxa5 12. Rxa5 c5 13. Ra1 Bb7 14. cxb4 cxb4 15. Re1 a5 16. Bc4 Nc5 17. Nbd2 a4 18. Ne4 Nxe4 ({Better is} 18... Qc7 $14) 19. Rxe4 $16 a3 (19... b3 $16 20. Re1 Qc7) 20. Rb1 $18 Qc7 21. bxa3 bxa3 22. Ba2 $1 Bc8 {Black wants to play ...Bf5.} 23. Rc4 Qd8 (23... Qa5 $142 24. Rb3 Bd7) 24. Rb3 Ba6 25. Re4 (25. Rxa3 Bxc4 26. Bxc4 Rxa3 $11) 25... Qc7 26. Rxa3 Rfc8 27. Bg5 (27. Re1 $1 $18) 27... f6 $2 {[%mdl 8192]} (27... h6 $14) 28. Be3 $2 (28. Bd2 $18) 28... Bb5 $2 (28... Be2 $16 29. Qxe2 Rxa3) 29. Rxa8 Rxa8 30. Bb3 (30. Rb4 $142) 30... f5 31. Rb4 Ra1 32. Qxa1 $1 Bxa1 33. Rxb5 Bf6 34. h4 Qc3 35. g3 (35. Bh6 $18 Qa1+ 36. Kh2) 35... Qd3 36. Rb8+ Kg7 37. Kg2 h6 38. Rb7 Qe4 39. Rc7 $2 (39. Bd2 $16 {and life is bright.}) 39... g5 $1 $17 40. hxg5 hxg5 {...g4 is the strong threat.} 41. Rc4 Qxd5 42. g4 $2 (42. Rb4 $17 {was necessary.} Qc6 43. Ba4) 42... f4 $2 (42... fxg4 $19 43. Rxg4 Qxb3 44. Nxg5 Qd5+ 45. f3 Qb3) 43. Bd2 ({White should play} 43. Bd4 $1 $15 Qb5 44. Bxf6+ Kxf6 45. Nd4 Qd5+ 46. Nf3) 43... Qd3 ({Black should try} 43... Qb5 $17 44. Rb4 Qd7) 44. Ba2 e5 {[#]} (44... d5 $11 {remains equal.} 45. Rc5 e5 46. Rc7+ (46. Rxd5 Qc2 $17) 46... Kh8 47. Rc8+ Kg7 48. Rc7+ Kh6) 45. Rc7+ (45. Rc3 $1 $16 {[%cal Rc3d3]} Qg6 46. Be6) 45... Kh6 $15 {[%mdl 1024] Black has compensation.} 46. Rf7 $2 {[%mdl 8192] [#]} (46. Bc4 $15 Qc2 47. Rf7) 46... Bg7 $2 (46... Kg6 $1 $19 47. Ba5 e4 48. Rxf6+ {[%mdl 64] Remove Defender} Kxf6 49. Bd8+ Kg7 50. Nxg5 Qe2 51. Ne6+ Kf7) 47. Re7 $1 $11 {[%cal Re7e6]} e4 48. Re6+ {[#]} Bf6 $1 {[%mdl 512]} 49. Rxf6+ Kg7 50. Nxg5 $2 (50. Rf7+ $11 {and White stays safe.} Kg6 51. Nxg5 Qxd2 52. Nxe4 Qxa2 53. Rf5) 50... e3 $4 {[%mdl 8192]} (50... Qxd2 51. Nxe4 Qxa2 52. Rxd6 $11) (50... Kxf6 $19 51. Bxf4 d5) 51. Bb4 $4 {[%mdl 8192]} (51. Rxf4 exd2 52. Ne6+ Kh7 $11) (51. Bxe3 $18 Kxf6 52. Bxf4) 51... Qe2 $4 {[%mdl 8192]} (51... Kxf6 {mates} 52. Nf7 Qe4+ {[%mdl 64] Double Attack} 53. Kh2 exf2 54. g5+ Kg6 55. Nxd6 Qf3 56. Bf7+ Kxg5 57. Ne4+ Qxe4 58. Be7+ Qxe7 59. Bc4 Qe3 60. Kg2 Qg3+ 61. Kf1 f3 62. Bg8 Qg2#) 52. Rf7+ $2 ({Inferior is} 52. Rxd6 Qxf2+ 53. Kh1 Qh4+ 54. Kg2 Qf2+ 55. Kh1 Qh4+ 56. Kg2 Qf2+ $11) ({Only move:} 52. Rxf4 $18 {Intending Ne6+ and mate.} Qxa2 53. Be1) 52... Kg6 53. Ne4 exf2 $2 {[%mdl 8192]} (53... Qxg4+ $11 54. Kh2 (54. Kf1 f3 $11) 54... exf2 55. Rf6+ {[%mdl 64] Double Attack} Kg7 56. Rf7+ Kg6 57. Rf6+ {[%mdl 64] Double Attack} Kg7 58. Rf7+ Kg6) 54. Rf6+ Kg7 {[%csl Ge2][%cal Rf2f1]} 55. Rf7+ Kg6 $1 {[%csl Ge2][%cal Rf2f1]} 56. Nxf2 Qxa2 57. Rxf4 Qd5+ 58. Kg3 Qb3+ 59. Kg2 $2 (59. Kh2 $18 d5 60. Bc5) 59... d5 $2 {[%mdl 8192]} (59... Qd5+ $11 60. Ne4 Qa2+ 61. Nd2 Qc2) 60. Bc5 $18 Qc2 61. Bd4 Kh7 62. Rf7+ Kg8 63. Rf5 Qb3 (63... Qc4 $142 64. Rf4 Kh7) 64. Re5 $2 (64. g5 Qb4 65. Be5 (65. Rxd5 $2 Qb7 $19)) 64... Kf7 65. Rf5+ $2 (65. Kh2) 65... Kg8 $1 66. Rf3 (66. g5 $142 Qb4 67. Be5 (67. Rxd5 $2 Qb7 $19)) 66... Qc2 67. Rf4 $2 (67. Kg3 $18) 67... Qb3 $2 {[%mdl 8192]} (67... Kh7 $11 68. Rf5 Qc4) 68. Rf5 $2 (68. g5 Qb1 69. Ng4) 68... Kh7 (68... Qc4 $142 69. Rf4 Qb4) 69. Rf6 Kg8 (69... Qb4 $142 70. Be5 Kg8) 70. g5 Qc2 71. g6 $2 (71. Kg3 $18) 71... Qd2 $11 {The position is equal.} 72. Ba1 {Threatens to win with Rf5.} d4 $1 73. Rf3 {Black must now prevent Rd3.} Qg5+ 74. Rg3 Qd5+ 75. Kg1 {Strongly threatening Bb2.} Qe5 $1 {[%cal Re5g3]} 76. Kg2 {Hoping for Rg4.} Qd5+ $1 77. Kg1 {aiming for Bb2.} Qe5 $1 {[%cal Re5g3]} 78. Kg2 {Accuracy: White = 31%, Black = 33%.} 1/2-1/2

[Event "RUS-ch Men Blitz 2019"]
[Site "Sochi"]
[Date "2019.10.17"]
[Round "13.8"]
[White "Bocharov, Dmitry"]
[Black "Popov, Valerij"]
[Result "0-1"]
[WhiteElo "2519"]
[BlackElo "2535"]
[Annotator "TA"]
[PlyCount "44"]
[EventDate "2019.10.17"]
[EventType "swiss"]
[EventCountry "RUS"]
[SourceTitle "playchess.com"]
[Source "ChessBase"]
[SourceQuality "1"]

{[%evp 9,82,12,33,20,30,19,28,20,33,19,28,20,30,16,24,10,37,39,48,-7,0,-60,-58,-63,-41,-86,-90,-85,-80,-91,-83,-154,-149,-155,-145,-133,-122,-150,-140,-147,-69,-115,-109,-95,-89,-83,-82,-85,-73,-241,-241,-264,-272,-395,-322,-442,-267,-430,-339,-559,-533,-530,-540,-716,-695,-509,-704,-705,-689,-937,-748,-924,-894,-974,-691]} 1. c4 c6 2. Nf3 d5 3. e3 Nf6 4. Nc3 a6 5. Be2 (5. Qc2 g6 6. d4 Bg7 7. Bd3 O-O 8. O-O e6 9. b3 Nbd7 10. Bb2 b6 11. e4 dxe4 12. Nxe4 Qc7 13. Nxf6+ Bxf6 14. Nd2 c5 15. Be4 Bb7 16. Nf3 Bxe4 17. Qxe4 {½-½ (53) Ding,L (2811)-Shankland,S (2705) chess.com INT 2019}) 5... Bf5 6. Qb3 {A11: English Opening: 1...c6} Ra7 7. Nh4 $146 ({Predecessor:} 7. d4 h6 8. a4 e6 9. a5 Nbd7 10. Bd2 Bd6 11. Na4 dxc4 12. Qxc4 Qe7 {1-0 (39) Marin,M (2549)-Tischbierek,R (2426) Porto Mannu 2013}) 7... Bc8 8. d4 {White has an edge.} e6 9. c5 Nbd7 10. Nf3 b6 11. cxb6 Qxb6 12. Qc2 c5 13. Na4 Qc7 14. dxc5 (14. Bd2 $14) 14... Nxc5 $11 15. Bd2 (15. Nxc5 $11 Bxc5 16. O-O) 15... Nxa4 $1 $15 16. Qxa4+ Bd7 17. Qh4 Ne4 18. O-O Be7 $36 {[%mdl 2048] Keeping White busy.} 19. Qh5 O-O 20. Bd3 (20. Rac1 $142 Qb8 21. Bc3) 20... g6 $17 21. Qh6 {[#] aiming for Bxe4.} Nxd2 22. Nxd2 Rb8 {Played: Be7-f6} 0-1

[Event "RUS-ch Men Blitz 2019"]
[Site "Sochi"]
[Date "2019.10.17"]
[Round "13.9"]
[White "Triapishko, Alexandr"]
[Black "Sakaev, Konstantin"]
[Result "1/2-1/2"]
[WhiteElo "2514"]
[BlackElo "2595"]
[Annotator "ChessBase"]
[PlyCount "90"]
[EventDate "2019.10.17"]
[EventType "swiss"]
[EventCountry "RUS"]
[SourceTitle "playchess.com"]
[Source "ChessBase"]
[SourceQuality "1"]
[TimeControl "180+2"]

1. Nf3 {[%emt 0:00:01]} d5 {[%emt 0:00:00]} 2. g3 {[%emt 0:00:03]} Nf6 {[%emt 0:00:01]} 3. Bg2 {[%emt 0:00:01]} c5 {[%emt 0:00:02]} 4. O-O {[%emt 0:00:02]} e6 {[%emt 0:00:01]} 5. b3 {[%emt 0:00:02]} Nc6 {[%emt 0:00:07]} 6. Bb2 {[%emt 0:00:01]} Be7 {[%emt 0:00:02]} 7. c4 {[%emt 0:00:04]} d4 {[%emt 0:00:03]} 8. e3 {[%emt 0:00:01]} e5 {[%emt 0:00:09]} 9. exd4 {[%emt 0:00:01]} exd4 {[%emt 0:00:03]} 10. Re1 {[%emt 0:00:27]} O-O {[%emt 0:00:02]} 11. d3 {[%emt 0:00:01]} Bf5 {[%emt 0:00:07]} 12. Ne5 {[%emt 0:00:09]} Nxe5 {[%emt 0:00:11]} 13. Rxe5 {[%emt 0:00:01]} Bg4 {[%emt 0:00:01]} 14. Bf3 {[%emt 0:00:37]} Bd6 {[%emt 0:00:10]} 15. Re1 {[%emt 0:00:03]} Qd7 {[%emt 0:00:04]} 16. Nd2 {[%emt 0:00:33]} Bf5 {[%emt 0:00:07]} 17. b4 {[%emt 0:00:31]} Rae8 {[%emt 0:00:19]} 18. bxc5 {[%emt 0:00:21]} Rxe1+ {[%emt 0:00:07]} 19. Qxe1 {[%emt 0:00:00]} Bxc5 {[%emt 0:00:01]} 20. Nb3 {[%emt 0:00:04]} b6 {[%emt 0:00:09]} 21. Qe5 {[%emt 0:00:06]} Bxd3 {[%emt 0:00:14]} 22. Nxc5 {[%emt 0:00:08]} bxc5 {[%emt 0:00:01]} 23. Qxc5 {[%emt 0:00:00]} Rc8 {[%emt 0:00:11]} 24. Qxd4 {[%emt 0:00:02]} Bxc4 {[%emt 0:00:01]} 25. Qxd7 Nxd7 {[%emt 0:00:01]} 26. Rc1 {[%emt 0:00:12]} Nb6 {[%emt 0:00:02]} 27. a3 {[%emt 0:00:04]} f6 {[%emt 0:00:09]} 28. Bg4 {[%emt 0:00:02]} Rc6 {[%emt 0:00:04]} 29. Bd4 {[%emt 0:00:04]} Bd5 {[%emt 0:00:17]} 30. Rxc6 {[%emt 0:00:04]} Bxc6 {[%emt 0:00:01]} 31. Be6+ {[%emt 0:00:07]} Kf8 {[%emt 0:00:01]} 32. Bc5+ Ke8 33. f4 {[%emt 0:00:07]} Bd7 {[%emt 0:00:04]} 34. Bb3 {[%emt 0:00:02]} Nc8 {[%emt 0:00:19]} 35. Kf2 {[%emt 0:00:01]} Bb5 {[%emt 0:00:09]} 36. Ke3 {[%emt 0:00:02]} a6 {[%emt 0:00:01]} 37. g4 {[%emt 0:00:03]} Ne7 {[%emt 0:00:07]} 38. h3 {[%emt 0:00:03]} Nc6 {[%emt 0:00:11]} 39. h4 {[%emt 0:00:02]} Na5 {[%emt 0:00:02]} 40. Bc2 {[%emt 0:00:04]} h6 {[%emt 0:00:02]} 41. f5 {[%emt 0:00:02]} Nc4+ {[%emt 0:00:05]} 42. Kf4 {[%emt 0:00:01]} Ne5 {[%emt 0:00:07]} 43. g5 {[%emt 0:00:03]} hxg5+ {[%emt 0:00:01]} 44. hxg5 {[%emt 0:00:00]} Nd3+ {[%emt 0:00:08]} 45. Bxd3 {[%emt 0:00:02]} Bxd3 {[%emt 0:00:01] Ke4} 1/2-1/2

[Event "RUS-ch Men Blitz 2019"]
[Site "Sochi"]
[Date "2019.10.17"]
[Round "13.10"]
[White "Tsydypov, Zhamsaran"]
[Black "Eraschenkov, Denis"]
[Result "0-1"]
[WhiteElo "2553"]
[BlackElo "2382"]
[Annotator "ChessBase"]
[PlyCount "83"]
[EventDate "2019.10.17"]
[EventType "swiss"]
[EventCountry "RUS"]
[SourceTitle "playchess.com"]
[Source "ChessBase"]
[SourceQuality "1"]
[TimeControl "180+2"]

1. Nf3 {[%emt 0:00:02]} Nf6 {[%emt 0:00:00]} 2. b3 {[%emt 0:00:02]} d5 {[%emt 0:00:03]} 3. Bb2 {[%emt 0:00:00]} Bf5 {[%emt 0:00:01]} 4. g3 {[%emt 0:00:03]} e6 {[%emt 0:00:04]} 5. Bg2 {[%emt 0:00:00]} h6 {[%emt 0:00:01]} 6. O-O {[%emt 0:00:02]} Nbd7 {[%emt 0:00:02]} 7. d3 {[%emt 0:00:03]} Be7 {[%emt 0:00:09]} 8. Nbd2 {[%emt 0:00:01]} O-O {[%emt 0:00:02]} 9. Qe1 {[%emt 0:00:05]} a5 {[%emt 0:00:28]} 10. a3 {[%emt 0:00:06]} Bh7 {[%emt 0:00:04]} 11. c4 {[%emt 0:00:12]} c6 {[%emt 0:00:01]} 12. Qc1 {[%emt 0:00:03]} Bd6 {[%emt 0:00:09]} 13. Rd1 {[%emt 0:00:21]} Qe7 {[%emt 0:00:02]} 14. Nf1 {[%emt 0:00:05]} e5 {[%emt 0:00:04]} 15. Ne3 {[%emt 0:00:11]} d4 {[%emt 0:00:06]} 16. Nc2 {[%emt 0:00:03]} c5 {[%emt 0:00:17]} 17. e3 {[%emt 0:00:07]} a4 {[%emt 0:00:25]} 18. b4 {[%emt 0:00:03]} Rfe8 {[%emt 0:00:07]} 19. exd4 {[%emt 0:00:05]} cxd4 {[%emt 0:00:04]} 20. c5 {[%emt 0:00:02]} Bxc5 {[%emt 0:00:14]} 21. bxc5 {[%emt 0:00:11]} Nxc5 {[%emt 0:00:01]} 22. Nb4 {[%emt 0:00:04]} Nb3 {[%emt 0:00:02]} 23. Qb1 {[%emt 0:00:01]} Nxa1 {[%emt 0:00:06]} 24. Bxa1 {[%emt 0:00:02]} Rac8 {[%emt 0:00:06]} 25. Re1 {[%emt 0:00:02]} Qc5 {[%emt 0:00:04]} 26. Qd1 {[%emt 0:00:05]} b5 {[%emt 0:00:05]} 27. Bh3 {[%emt 0:00:02]} Rcd8 {[%emt 0:00:05]} 28. Re2 {[%emt 0:00:03]} e4 {[%emt 0:00:03]} 29. Rc2 {[%emt 0:00:02]} Qh5 {[%emt 0:00:04]} 30. Bg2 {[%emt 0:00:09]} exf3 {[%emt 0:00:02]} 31. Bxf3 {[%emt 0:00:00]} Qe5 {[%emt 0:00:17]} 32. Re2 {[%emt 0:00:06]} Qd6 {[%emt 0:00:02]} 33. Rc2 {[%emt 0:00:05]} Rc8 {[%emt 0:00:03]} 34. Bc6 {[%emt 0:00:05]} Re7 {[%emt 0:00:08]} 35. Bxb5 {[%emt 0:00:04]} Rxc2 {[%emt 0:00:01]} 36. Nxc2 {[%emt 0:00:00]} Nd7 {[%emt 0:00:17]} 37. Bxd4 {[%emt 0:00:05]} Ne5 {[%emt 0:00:02]} 38. Bc3 {[%emt 0:00:13]} Nxd3 {[%emt 0:00:04]} 39. Nb4 {[%emt 0:00:14]} Rb7 {[%emt 0:00:07]} 40. Qg4 {[%emt 0:00:19]} Ne5 {[%emt 0:00:14]} 41. Qc8+ {[%emt 0:00:02]} Qf8 {[%emt 0:00:01]} 42. Qxb7 {[%emt 0:00:03]} 0-1

[Event "RUS-ch Men Blitz 2019"]
[Site "Sochi"]
[Date "2019.10.17"]
[Round "13.11"]
[White "Utnasunov, Alexander"]
[Black "Kokarev, Dmitry"]
[Result "0-1"]
[WhiteElo "2442"]
[BlackElo "2593"]
[Annotator "TA"]
[PlyCount "180"]
[EventDate "2019.10.17"]
[EventType "swiss"]
[EventCountry "RUS"]
[SourceTitle "playchess.com"]
[Source "ChessBase"]
[SourceQuality "1"]

{[%evp 16,180,25,32,18,23,28,12,24,17,22,27,29,6,9,0,25,4,18,0,0,0,0,0,108,105,91,90,110,-294,-278,-281,-4,-4,58,57,37,-12,-29,-20,0,-42,12,0,0,-40,-18,-24,0,0,0,-25,0,0,0,-78,0,-174,-162,-157,-163,-181,-179,-172,-161,-206,-195,-195,-194,-196,-143,-188,-135,-179,-157,-189,-151,-192,-147,-227,-215,-227,-222,-206,-206,-348,-94,-90,-26,-61,-28,-41,0,-58,0,-30,-31,-40,-8,-83,-71,-199,-79,-154,-93,-202,-209,-318,-281,-276,-267,-333,-318,-414,-414,-414,-414,-414,-414,-459,-414,-414,-415,-470,-470,-684,-702,-665,-658,-787,-620,-751,-709,-662,-669,-797,-759,-1095,-1114,-877,-764,-1146,-1118,-1179,-1287,-1081,-1068,-1104,-1268,-1174,-1040,-5628,-1274,-992,-770,-1267,-1258,-2308,-1713,-1117,-1498,-903,-777,-4914,-4906,-29986,-29987]} 1. d4 Nf6 2. c4 g6 3. Nc3 Bg7 4. e4 d6 5. f3 O-O 6. Be3 c5 7. d5 e6 8. Nge2 exd5 9. cxd5 b6 {A65: Modern Benoni: 6 e4} 10. Ng3 Ba6 11. Bxa6 (11. Be2 {seems wilder.} Bxe2 12. Qxe2 Nbd7 13. Rc1 Ne8 14. O-O) 11... Nxa6 {The position is equal.} 12. O-O Nc7 13. a4 a6 14. Rb1 $146 ({Predecessor:} 14. Qd2 Re8 15. Bh6 Bh8 16. Rae1 {0-1 (29) Akots,G (2238)-Mihok,O (2550) Ajka 2019}) 14... Nd7 15. Qd2 Ne5 16. b3 b5 17. Bh6 Bxh6 18. Qxh6 Qf6 19. Qd2 c4 (19... Nd7 $11) 20. f4 $1 $16 {[%cal Rf4e5]} Nd3 21. e5 dxe5 22. Nce4 $2 {[%mdl 8192]} (22. f5 $1 $16) 22... Qb6+ $19 23. Kh1 {Strongly threatening fxe5.} exf4 $2 ({Black should play} 23... f5 $19 24. Ng5 Nxd5 25. bxc4 N5xf4 26. cxb5 axb5 27. Rxb5 Qc6) 24. bxc4 $11 Qd4 (24... Qe3 $1 $11 25. Qc3 f5) 25. Rxf4 $1 $14 {[%mdl 64] Nf6+ is the strong threat. Pin} f5 26. Nf6+ (26. Ne2 $5 {[%cal Re2d4]} Nf2+ 27. Rxf2 Qxe4 28. Rc1 bxc4 29. Nf4 $14) 26... Qxf6 27. Qxd3 bxc4 28. Qxc4 Ne8 (28... Qd6 $15) 29. d6+ Qf7 $1 30. d7 Nf6 31. Rd1 Rfd8 32. Qc6 $1 Ra7 {[%cal Rd8d7]} 33. Rfd4 Raxd7 34. Rxd7 Rxd7 35. Re1 (35. Rxd7 $11 {keeps the balance.} Qxd7 36. Qxa6) 35... Re7 $40 {[%mdl 128] Black attacks.} (35... Kg7 $17 36. Qxa6 Ra7) 36. Rd1 $2 (36. Rxe7 $11 {and White has nothing to worry.} Qxe7 37. Qxa6) 36... Ng4 37. Rf1 Qe6 38. Qa8+ Kg7 39. h3 Ne3 40. Re1 Qd5 $1 {[%cal Rd5a8]} 41. Qxd5 Nxd5 $19 {[%mdl 4096] Endgame KRN-KRN} 42. Rd1 Re5 (42... Nc3 $19 43. Rd4 Re1+ 44. Kh2 h5) 43. Kg1 a5 (43... Nc3 $19 44. Rd4 Re1+ 45. Kf2 Ra1 46. Rd7+ Kg8 47. Rd8+ Kf7 48. Rd7+ Ke6 49. Rxh7 Rxa4) 44. Kf2 Kf6 45. Rc1 Nb4 {Threatens to win with ...Nd3+.} 46. Rc7 h5 47. Ne2 {[#]} (47. Rd7 $17) 47... Nd3+ $1 48. Kf3 Ne1+ 49. Kf2 {[#]} Nxg2 $1 {[%mdl 512]} 50. Nd4 (50. Rc6+ {was necessary.} Kg5 51. Ng1) (50. Kxg2 Rxe2+) 50... Ne3 $2 (50... Nf4 $19 51. Rc6+ Ke7) 51. Rc6+ $17 Kg7 (51... Kf7 $17 52. Nf3 Re7) 52. Ne6+ $1 $11 Kf7 53. Ng5+ Kg7 54. Ne6+ Kf7 55. Ng5+ Ke7 56. Rxg6 Nd5 {Black wants to play ...Nc3.} 57. Nf3 (57. Ra6 $11 {remains equal.} Nc7 58. Rc6) 57... Re4 $17 58. Rh6 {[#]} (58. Rg5 $17 {was called for.}) 58... Nf4 (58... Nf6 $1 $19 59. Rg6 Rxa4) 59. Rh7+ (59. Nh4 $142) 59... Kd6 (59... Kf6 $142 60. Rh6+ Kg7) 60. Kg3 (60. Rf7 $17 {might work better.}) 60... Rxa4 $19 61. Ra7 (61. h4 {was worth a try.}) 61... Ne2+ 62. Kf2 Nc3 63. Ke3 Nd5+ 64. Kd3 Ra3+ 65. Ke2 Nf4+ 66. Kf2 Nxh3+ 67. Ke2 Nf4+ 68. Kf2 a4 69. Nd4 {Hoping for Nb5+.} Ke5 70. Nc6+ (70. Nf3+ $142 Kd5 71. Ra5+ Kc4 72. Rxf5 Ra2+ 73. Kf1) 70... Ke4 71. Re7+ Kd5 72. Nb4+ Kc5 73. Na6+ Kd4 74. Rd7+ Ke5 75. Re7+ Kf6 76. Ra7 Nd3+ 77. Kg2 Ra1 78. Rd7 Ne5 79. Rd6+ Kg5 80. Nc5 a3 81. Ne6+ Kh4 82. Rd4+ Ng4 83. Nf4 a2 {( -> ...Rg1+!)} 84. Ra4 Kg5 85. Ne6+ Kf6 86. Nd4 Ne3+ 87. Kh2 Rd1 88. Ra6+ Kf7 89. Nb3 Rb1 90. Nd4 a1=Q {Accuracy: White = 34%, Black = 51%.} 0-1

[Event "RUS-ch Men Blitz 2019"]
[Site "Sochi"]
[Date "2019.10.17"]
[Round "13.12"]
[White "Golubov, Saveliy"]
[Black "Papenin, Nikolai"]
[Result "1-0"]
[WhiteElo "2469"]
[BlackElo "2295"]
[Annotator "ChessBase"]
[PlyCount "97"]
[EventDate "2019.10.17"]
[EventType "swiss"]
[EventCountry "RUS"]
[SourceTitle "playchess.com"]
[Source "ChessBase"]
[SourceQuality "1"]
[TimeControl "180+2"]

1. d4 {[%emt 0:00:00]} Nf6 {[%emt 0:00:00]} 2. Nf3 {[%emt 0:00:00]} g6 {[%emt 0:00:00]} 3. Bg5 {[%emt 0:00:00]} Bg7 {[%emt 0:00:01]} 4. Nbd2 {[%emt 0:00:01]} d6 {[%emt 0:00:06]} 5. c3 {[%emt 0:00:03]} Nbd7 {[%emt 0:00:01]} 6. e3 {[%emt 0:00:04]} h6 {[%emt 0:00:02]} 7. Bh4 {[%emt 0:00:01]} O-O {[%emt 0:00:03]} 8. Bg3 {[%emt 0:00:05]} Qe8 {[%emt 0:00:21]} 9. Be2 {[%emt 0:00:14]} e5 {[%emt 0:00:03]} 10. O-O {[%emt 0:00:01]} Nh5 {[%emt 0:00:11]} 11. Ne1 {[%emt 0:00:12]} Nxg3 {[%emt 0:00:05]} 12. hxg3 {[%emt 0:00:01]} Qe7 {[%emt 0:00:05]} 13. Nc2 {[%emt 0:00:15]} h5 {[%emt 0:00:04]} 14. e4 {[%emt 0:00:16]} h4 {[%emt 0:00:07]} 15. gxh4 {[%emt 0:00:01]} Qxh4 {[%emt 0:00:03]} 16. g3 {[%emt 0:00:03]} Qe7 {[%emt 0:00:26]} 17. Bg4 {[%emt 0:00:04]} f5 {[%emt 0:00:03]} 18. exf5 {[%emt 0:00:20]} gxf5 {[%emt 0:00:01]} 19. Bh3 {[%emt 0:00:01]} Nf6 {[%emt 0:00:23]} 20. Ne3 {[%emt 0:00:08]} f4 {[%emt 0:00:09]} 21. Nf5 {[%emt 0:00:01]} Qf7 {[%emt 0:00:33]} 22. dxe5 {[%emt 0:00:15]} dxe5 {[%emt 0:00:05]} 23. Qb3 {[%emt 0:00:03]} Qxb3 {[%emt 0:00:11]} 24. Nxb3 {[%emt 0:00:22]} Bh8 {[%emt 0:00:05]} 25. Ne7+ {[%emt 0:00:05]} Kf7 {[%emt 0:00:07]} 26. Nxc8 {[%emt 0:00:02]} Rg8 {[%emt 0:00:19]} 27. Rad1 {[%emt 0:00:11]} fxg3 {[%emt 0:00:03]} 28. fxg3 {[%emt 0:00:02]} Rxg3+ {[%emt 0:00:01]} 29. Kh2 {[%emt 0:00:02]} Rxh3+ {[%emt 0:00:03]} 30. Kxh3 {[%emt 0:00:00]} Rxc8 {[%emt 0:00:01]} 31. Nc5 {[%emt 0:00:05]} Ke7 {[%emt 0:00:03]} 32. Rde1 {[%emt 0:00:10]} Nd5 {[%emt 0:00:02]} 33. c4 {[%emt 0:00:03]} Nb4 {[%emt 0:00:05]} 34. Re2 {[%emt 0:00:08]} b6 {[%emt 0:00:02]} 35. Nb3 {[%emt 0:00:18]} Nxa2 {[%emt 0:00:04]} 36. Nd4 {[%emt 0:00:05]} Nb4 {[%emt 0:00:06]} 37. Nf5+ {[%emt 0:00:01]} Ke6 {[%emt 0:00:01]} 38. Nd4+ {[%emt 0:00:03]} Ke7 {[%emt 0:00:02]} 39. Nf5+ {[%emt 0:00:03]} Ke6 {[%emt 0:00:01]} 40. Ng3 {[%emt 0:00:01]} Nd3 {[%emt 0:00:01]} 41. Rf3 {[%emt 0:00:03]} Nb4 {[%emt 0:00:03]} 42. Ne4 {[%emt 0:00:01]} Bg7 {[%emt 0:00:02]} 43. Ng5+ {[%emt 0:00:06]} Kd6 {[%emt 0:00:00]} 44. Kg4 {[%emt 0:00:03]} Nc6 {[%emt 0:00:02]} 45. Rf7 {[%emt 0:00:03]} Rg8 {[%emt 0:00:04]} 46. Rh2 {[%emt 0:00:16]} Nd4 {[%emt 0:00:07]} 47. Rh7 {[%emt 0:00:01]} Ne6 {[%emt 0:00:03]} 48. Nxe6 {[%emt 0:00:02]} Bf6+ {[%emt 0:00:00]} 49. Kf5 {[%emt 0:00:04] Kd5 Ke4+} 1-0

[Event "RUS-ch Men Blitz 2019"]
[Site "Sochi"]
[Date "2019.10.17"]
[Round "13.13"]
[White "Nesterov, Arseniy"]
[Black "Lugovskoy, Maxim"]
[Result "0-1"]
[WhiteElo "2484"]
[BlackElo "2436"]
[Annotator "RC"]
[PlyCount "71"]
[EventDate "2019.10.17"]
[EventType "swiss"]
[EventCountry "RUS"]
[SourceTitle "playchess.com"]
[Source "ChessBase"]
[SourceQuality "1"]
[TimeControl "180+2"]

1. d4 {[%emt 0:00:00]} d5 {[%emt 0:00:00]} 2. c4 {[%emt 0:00:00]} e6 {[%emt 0:00:01]} 3. Nc3 {[%emt 0:00:01]} a6 {[%emt 0:00:00]} 4. cxd5 {[%emt 0:00:04]} exd5 {[%emt 0:00:01]} 5. Nf3 {[%emt 0:00:02]} c6 {[%emt 0:00:01]} 6. Bg5 {[%emt 0:00:17]} Nf6 {[%emt 0:00:01]} 7. e3 {[%emt 0:00:02]} Be7 {[%emt 0:00:01]} 8. Bd3 {[%emt 0:00:03]} Nbd7 {[%emt 0:00:01]} 9. O-O {[%emt 0:00:03]} O-O {[%emt 0:00:01]} 10. Qc2 {[%emt 0:00:04]} Re8 {[%emt 0:00:01]} 11. Ne5 {[%emt 0:00:17]} Nf8 {[%emt 0:00:16]} 12. f4 {[%emt 0:00:12]} Ng4 {[%emt 0:00:14]} 13. Bxe7 {[%emt 0:00:02]} Rxe7 {[%emt 0:00:01]} 14. Rae1 {[%emt 0:00:09]} f6 {[%emt 0:00:02]} 15. Nxg4 {[%emt 0:00:02]} Bxg4 {[%emt 0:00:01]} 16. h3 {[%emt 0:00:37]} Bh5 {[%emt 0:00:01]} 17. Qf2 {[%emt 0:00:04]} Bg6 {[%emt 0:00:03]} 18. f5 {[%emt 0:00:07]} Bf7 {[%emt 0:00:01]} 19. e4 {[%emt 0:00:02]} dxe4 {[%emt 0:00:09]} 20. Nxe4 {[%emt 0:00:01]} Bxa2 {[%emt 0:00:10]} 21. Nc5 {[%emt 0:00:17]} Bd5 {[%emt 0:00:12]} 22. Rxe7 {[%emt 0:00:02]} Qxe7 {[%emt 0:00:01]} 23. Re1 {[%emt 0:00:01]} Qf7 {[%emt 0:00:02]} 24. Qe2 {[%emt 0:00:17]} a5 {[%emt 0:00:09]} 25. Qe7 {[%emt 0:00:09]} b6 {[%emt 0:00:04]} 26. Qxf7+ {[%emt 0:00:23]} Kxf7 {[%emt 0:00:03]} 27. Nb7 {[%emt 0:00:06]} Kg8 {[%emt 0:00:19]} 28. Re7 {[%emt 0:00:03]} Ra7 {[%emt 0:00:03]} 29. Be2 {[%emt 0:00:22]} c5 {[%emt 0:00:04]} 30. Bf3 {[%emt 0:00:01]} Bxf3 {[%emt 0:00:18]} 31. gxf3 {[%emt 0:00:01]} cxd4 {[%emt 0:00:01]} 32. Kf2 {[%emt 0:00:01]} b5 {[%emt 0:00:03]} 33. Ke2 {[%emt 0:00:01]} a4 {[%emt 0:00:01]} 34. Kd3 {[%emt 0:00:08]} b4 {[%emt 0:00:01]} 35. Kc4 {[%emt 0:00:02]} a3 {[%emt 0:00:02]} 36. Kxd4 0-1